Statistiques concernant Pokémon-Les centres commerciaux

Cliquez ici pour prendre le quiz!

Statistiques générales

  • Ce quiz a été pris 7 fois
  • Le résultat moyen est 4 sur 6

Statistiques - réponses

Nom du centre commercial% Correct
Centre commercial de Céladopole
100%
Centre commercial Nénucrique
86%
Centre commercial Voilaroc
86%
Centre commercial de Doublonville
71%
Centre commercial R9
43%
Centre commercial d'Ekaeka
29%

Distribution des résultats

Percentile par nombre de réponses

% des personnes avec chaque résultat

Votre développement - résultats

Vous n’avez pas pris ce quiz